| 000 | 00425 a2200157 4500 | ||
|---|---|---|---|
| 999 |
_c1713 _d1713 |
||
| 020 | _a9780078127700 | ||
| 050 | _aHD 82 JAC 2010 | ||
| 100 |
_aJackson, Robert M. _eeditor |
||
| 245 |
_aGlobal issues _b09/10 _cedited by Robert M Jackson |
||
| 250 | _a25th ed. | ||
| 264 |
_aBoston _bMcGraw- Hill _c2010 |
||
| 300 | _a181p. | ||
| 500 | _aincludes reference | ||
| 650 | _aGlobal issues | ||
| 942 |
_2lcc _cBK _e25 th ed. _h82 _iJAC _kHD |
||